|
|
|
|
| LEADER |
00000cam a2200000 a 4500 |
| 001 |
vtls001322839 |
| 003 |
SK-MaSNL |
| 005 |
20260331203359.0 |
| 008 |
240702s1997 xo a grn 001 mcslo |
| 015 |
|
|
|a SNBA1998/06-02078
|
| 020 |
|
|
|a 8085501082
|q (viazané)
|z 80855010802
|
| 035 |
|
|
|a SNK000275523
|
| 035 |
|
|
|a urn:nbn:sk:snk-amkhcb
|
| 035 |
|
|
|a urn:nbn:sk:snk-am008ggy
|
| 035 |
|
|
|a 7E9BCE52-9739-4AE4-BF61-CEA7BEBE3DD0
|
| 040 |
|
|
|a SNK
|b slo
|c SNK
|e AACR2
|
| 041 |
1 |
|
|a slo
|h lat
|
| 043 |
|
|
|a e-xo---
|
| 044 |
|
|
|a xo
|c SK
|
| 072 |
|
7 |
|a 929
|x Biografie
|2 konspekt
|
| 072 |
|
7 |
|a 82-1/-8
|x Literatúra rôznych foriem a žánrov (o nej)
|2 konspekt
|
| 080 |
|
|
|a 244
|2 1981
|
| 080 |
|
|
|a 82-343"04/14"
|2 2001
|
| 080 |
|
|
|a 82=025
|2 2011
|
| 080 |
|
|
|a 2-36-055.1
|2 2011
|
| 080 |
|
|
|a (437.6)
|2 2011
|
| 080 |
|
|
|a 929(092)
|2 2011
|
| 080 |
|
|
|a (094.9)
|2 2011
|
| 100 |
1 |
|
|a Marsina, Richard,
|d 1923-2021
|4 com
|4 trl
|9 207406
|
| 245 |
1 |
0 |
|a Legendy stredovekého Slovenska
|b ideály stredovekého človeka očami cirkevných spisovateľov
|c Richard Marsina ; [z latinských originálov preložili: Richard Marsina, Július Sopko, Oľga Vaneková]
|
| 250 |
|
|
|a 1. vydanie
|
| 260 |
|
|
|a Budmerice
|b Rak
|b Osudy predkov
|c 1997
|
| 300 |
|
|
|a 408 s.
|b fareb. ilustr.
|c 25 cm
|
| 490 |
1 |
|
|a Pramene
|
| 500 |
|
|
|a Ilustr. na front.
|
| 500 |
|
|
|a Údaj o prekl. prevzatý z rubu tit. strany
|
| 500 |
|
|
|a Správne ISBN podľa NA ISBN
|
| 500 |
|
|
|a Vyd. v spolupráci s Mestom Nitra a nadáciou Osudy predkov
|
| 504 |
|
|
|a Bibliogr. s. 393. Reg.
|
| 650 |
0 |
7 |
|a stredoveké legendy
|2 SNKPH
|9 66752
|
| 650 |
0 |
7 |
|a literárne adaptácie
|2 SNKPH
|9 1426
|
| 650 |
0 |
7 |
|a svätci
|2 SNKPH
|9 1606
|
| 651 |
|
7 |
|a Slovensko
|2 SNKPHgeo
|9 14231
|
| 655 |
|
7 |
|a biografie
|2 SNKPH
|9 27965
|
| 655 |
|
7 |
|a zbierky
|2 SNKPH
|9 70533
|
| 700 |
1 |
|
|a Sopko, Július,
|d 1929-2020
|4 trl
|9 205169
|
| 700 |
1 |
|
|a Vaneková, Oľga,
|d 1968-
|4 trl
|9 196221
|
| 830 |
|
0 |
|a Pramene
|9 282466
|
| 852 |
|
|
|a Slovenská národná knižnica
|
| 919 |
|
|
|a 80-85501-08-2
|
| 954 |
|
|
|a beletria cudzojazyčná (svetová)
|2 lita
|
| 954 |
|
|
|a odborná, vedecká literatúra pôvodná (slovenská)
|2 lita
|
| 958 |
|
|
|a OND
|
| 958 |
|
|
|a TL
|
| 958 |
|
|
|a NB
|
| 958 |
|
|
|a BC
|
| 958 |
|
|
|a LX
|
| 958 |
|
|
|a NT
|
| 958 |
|
|
|a BX
|
| 968 |
|
|
|b LAT
|
| 999 |
|
|
|c 545270
|d 547200
|
| 952 |
|
|
|t P60, <03>, [BOOK], {603}
|a SNK
|b SNK
|y PREZ
|7 0
|p 17A0125496
|o snkSC 95173
|i snkKSP 2274/98
|0 0
|1 0
|4 0
|d 1998-03-04
|f 1
|l 0
|r 2025-09-12 00:00:00
|w 2026-02-23
|
| 952 |
|
|
|t P60, <04>, [BOOK], {604}
|a SNK
|b SNK
|y VYP
|7 0
|p 17A0125495
|o snkSC 95173 D1
|i snkKSP 2275/98
|0 0
|1 0
|4 0
|d 1998-03-04
|l 0
|r 2005-01-02 00:00:00
|w 2026-02-23
|
| 952 |
|
|
|a SNKLM
|b SNKLM
|y NEVYP
|7 0
|o snklmKK 1072
|i snklm968/2001
|8 7
|0 0
|1 0
|4 0
|d 2006-08-15
|l 0
|r 2026-02-23 12:52:53
|w 2026-02-23
|